书目信息 |
| 书名: | Introducing wittgenstein | |
| 作者: | John Heaton . Judy Groves | |
| 分册号: | ||
| 分册名: | 出版地: | Singapore |
|
| 出版社: | Icon books | |
| 出版时间: | 1996 | |
| 页数: | 175P | |
| 开本: | 21cm | |
| 丛书名: | ||
| 中图分类号: | ||
| 科图分类号: | ||
| 其他分类号: | B561.59 | |
| 主题词: | ||
| 电子资源: | ||
| 000 | 00405nam0 2200145 450 | |
| 001 | 202012197671 | |
| 005 | 20121112111723.0 | |
| 008 | 20010101s | |
| 020 | @a978-1-84046-641-6@c$12.95 | |
| 099 | @dB561.59@eJ655 | |
| 245 | 10 | @aIntroducing wittgenstein@cJohn Heaton . Judy Groves |
| 260 | 0 | @aSingapore @bIcon books@c1996 |
| 300 | @a175P@c21cm | |
| 905 | @b11100 | |
| 905 | @aTSG@dB561.59@eJ655 | |
| Introducing wittgenstein / John Heaton . Judy Groves .-Singapore : Icon books , 1996 |
| 175P ; 21cm |
| ISBN 978-1-84046-641-6$12.95 |
| ● |
| 相关链接 |
|
|
|
正题名:Introducing wittgenstein
索取号:B561.59/J655
 
预约/预借
| 序号 | 登录号 | 条形码 | 馆藏地/架位号 | 状态 | 备注 |
| 1 | 11100 | 300111000 | 社科库509/509社科库 129排1列1层/ [索取号:B561.59/J655] | 在馆 |